[Event "American Continental"]
[Site "Buenos Aires ARG"]
[Date "2005.08.09"]
[Round "4"]
[White "Monier,R"]
[Black "Perez Cascella,J"]
[Result "1/2-1/2"]
[WhiteElo "2412"]
[BlackElo "2209"]
[EventDate "2005.08.06"]

1. Nf3 Nf6 2. d4 e6 3. c4 b6 4. g3 Bb7 5. Bg2 Be7 6. O-O O-O 7. Nc3 Ne4 8.
Bd2 Nxc3 9. Bxc3 d5 10. cxd5 exd5 11. b4 a6 12. Qb3 Nd7 13. a4 c6 14. Rfd1
Bd6 15. e3 Qe7 16. Ne1 Nf6 17. Nd3 Ne4 18. Be1 Rad8 19. Rac1 h5 20. f3 Nf6
21. Bf2 Rfe8 22. Re1 g5 23. e4 dxe4 24. fxe4 Ng4 25. e5 Bb8 26. Bxc6 Nxf2
27. Nxf2 Bxc6 28. Rxc6 Rxd4 29. Ne4 Rxb4 30. Qf3 Bxe5 31. Nf6+ Bxf6 32.
Rxe7 Bd4+ 33. Kf1 Rb1+ 34. Ke2 Rxe7+ 35. Kd2 Rb2+ 36. Kd1 Rb1+ 37. Rc1
Rxc1+ 38. Kxc1 a5 39. Qxh5 Be3+ 40. Kc2 Kg7 41. Kd3 f6 42. h4 gxh4 43. gxh4
Bc5 44. Qg4+ Kh6 45. Qf5 Kg7 46. Qg4+ Kh6 47. Qg8 Re3+ 48. Kd2 Re5 49. Qf7
Rf5 50. Ke2 Rf4 51. h5 Rg4 52. Kf3 Rg5 53. Ke4 Rxh5 54. Qxf6+ Kh7 55. Kf4
Rh2 56. Qf7+ 1/2-1/2

[Event "American Continental"]
[Site "Buenos Aires ARG"]
[Date "2005.08.09"]
[Round "4"]
[White "Gonzalez Zamora,J"]
[Black "Mekhitarian,K"]
[Result "0-1"]
[WhiteElo "2546"]
[BlackElo "2218"]
[EventDate "2005.08.06"]

1. Nf3 c5 2. c4 Nc6 3. Nc3 e5 4. g3 g6 5. Bg2 Bg7 6. O-O d6 7. d3 Nge7 8.
a3 O-O 9. Rb1 a5 10. Ne1 Be6 11. Nd5 Rb8 12. Nc2 b5 13. b3 bxc4 14. dxc4 f5
15. Bg5 h6 16. Bxe7 Nxe7 17. Qd2 e4 18. Nce3 Nc6 19. Nf4 Bf7 20. Nxg6 Bxg6
21. Qd5+ Kh8 22. Qxc6 f4 23. gxf4 Rxf4 24. Rbd1 Be5 25. Rd5 Be8 26. Qa6 Ra8
27. Rxd6 Bxd6 28. Qb7 Rb8 29. Qd5 Bf7 30. Qd2 Qe7 31. Rd1 Be5 32. h3 Be6
33. Qxa5 Rg8 34. Qb6 Rf6 35. b4 Bxh3 36. Qxc5 Qxc5 0-1

[Event "American Continental"]
[Site "Buenos Aires ARG"]
[Date "2005.08.09"]
[Round "4"]
[White "Quezada,Y"]
[Black "Chemin,J"]
[Result "1-0"]
[WhiteElo "2522"]
[BlackElo "2296"]
[EventDate "2005.08.06"]

1. e4 e6 2. d4 d5 3. Nc3 dxe4 4. Nxe4 Bd7 5. c4 Bb4+ 6. Bd2 Bxd2+ 7. Qxd2
Nf6 8. Nxf6+ Qxf6 9. Nf3 O-O 10. O-O-O b5 11. cxb5 a6 12. Qa5 Qf5 13. d5
exd5 14. Bd3 Qf6 15. Kb1 Bg4 16. h4 c5 17. Ng5 Bf5 18. Bxf5 Qxf5+ 19. Ka1
h6 20. Nf3 d4 21. b6 Nd7 22. Rxd4 Qe6 23. Rd3 c4 24. Re1 Qc6 25. Rdd1 Nxb6
26. Nd4 Qb7 27. Nf5 Rab8 28. Qc3 f6 29. Re7 Nd5 30. Rxb7 Nxc3 31. Rxg7+ 1-0

[Event "American Continental"]
[Site "Buenos Aires ARG"]
[Date "2005.08.09"]
[Round "4"]
[White "Valerga,D"]
[Black "Ripari,M"]
[Result "1/2-1/2"]
[WhiteElo "2499"]
[BlackElo "2295"]
[EventDate "2005.08.06"]

1. e4 c5 2. Nf3 Nc6 3. d4 cxd4 4. Nxd4 Nf6 5. Nc3 e6 6. Ndb5 Bb4 7. a3
Bxc3+ 8. Nxc3 d5 9. exd5 exd5 10. Bd3 O-O 11. O-O d4 12. Ne2 Bg4 13. h3 Bh5
14. Bf4 Re8 15. Qd2 Qb6 16. Ng3 Bg6 17. Bg5 Ne4 18. Nxe4 Bxe4 19. Rfe1 Bxd3
20. cxd3 Qb3 21. Bf4 f6 22. Re2 a5 23. Rae1 Rxe2 24. Qxe2 a4 25. Qg4 Qd5
26. h4 h5 27. Qg6 Qf7 28. Qf5 g6 29. Qc5 Kg7 30. Qc2 1/2-1/2

[Event "American Continental"]
[Site "Buenos Aires ARG"]
[Date "2005.08.09"]
[Round "4"]
[White "Vera,R"]
[Black "Lemos,D"]
[Result "1/2-1/2"]
[WhiteElo "2490"]
[BlackElo "2284"]
[EventDate "2005.08.06"]

1. d4 Nf6 2. c4 g6 3. Nc3 Bg7 4. e4 d6 5. Be2 O-O 6. Nf3 e5 7. O-O Nc6 8.
d5 Ne7 9. Ne1 Nd7 10. Be3 f5 11. f3 f4 12. Bf2 g5 13. Rc1 Rf6 14. c5 Nxc5
15. b4 Na6 16. Nd3 Rh6 17. a4 Qe8 18. Kh1 Bd7 19. Bg1 Kh8 20. Qb3 Ng8 21.
Nf2 Nf6 22. h3 Nh5 23. Bxa6 Ng3+ 24. Kh2 bxa6 25. Rfe1 Rh4 26. b5 h5
1/2-1/2

[Event "American Continental"]
[Site "Buenos Aires ARG"]
[Date "2005.08.09"]
[Round "4"]
[White "Minaya,J"]
[Black "Lafuente,P"]
[Result "0-1"]
[WhiteElo "2255"]
[BlackElo "2435"]
[EventDate "2005.08.06"]

1. e4 c5 2. Nc3 Nc6 3. g3 g6 4. Bg2 Bg7 5. d3 d6 6. Be3 Rb8 7. Qd2 b5 8. f4
b4 9. Nd1 a5 10. c3 Ba6 11. Rc1 Qd7 12. Nf3 Nf6 13. Nf2 bxc3 14. bxc3 O-O
15. O-O Rb6 16. Rb1 Rfb8 17. Rxb6 Rxb6 18. Rc1 Qb7 19. Ne1 Nd7 20. Nd1 e5
21. f5 Rb1 22. Rxb1 Qxb1 23. Kf2 Nf6 24. Bf3 gxf5 25. exf5 e4 26. dxe4
Nxe4+ 27. Bxe4 Qxe4 28. Qxd6 Qc4 0-1

[Event "American Continental"]
[Site "Buenos Aires ARG"]
[Date "2005.08.09"]
[Round "4"]
[White "Rodi,L"]
[Black "Soppe,G"]
[Result "1/2-1/2"]
[WhiteElo "2242"]
[BlackElo "2432"]
[EventDate "2005.08.06"]

1. d4 d5 2. Bg5 h6 3. Bh4 c6 4. Nf3 Qb6 5. Qc1 Bf5 6. c4 e6 7. Nc3 Be7 8.
Bg3 Nf6 9. e3 O-O 10. c5 Qd8 11. b4 Nbd7 12. h3 b5 13. a4 a5 14. axb5 axb4
15. bxc6 Rxa1 16. Qxa1 bxc3 17. cxd7 c2 18. Be2 Qxd7 19. O-O Qb7 20. Ba6
Qa8 21. Rc1 Ne4 22. Bc7 Bxc5 23. Rxc2 Bd6 24. Bxd6 Nxd6 25. Ra2 Rb8 26. Bd3
Qb7 27. Ra7 Qb3 28. Qa6 Qb6 29. Ra8 Qd8 30. Rxb8 1/2-1/2

[Event "American Continental"]
[Site "Buenos Aires ARG"]
[Date "2005.08.09"]
[Round "4"]
[White "Liascovich,L"]
[Black "Luconi,C"]
[Result "1/2-1/2"]
[WhiteElo "2432"]
[BlackElo "2258"]
[EventDate "2005.08.06"]

1. d4 d5 2. c4 e6 3. Nc3 Nf6 4. cxd5 exd5 5. Bg5 Be7 6. e3 c6 7. Bd3 O-O 8.
Qc2 Nbd7 9. Nf3 Re8 10. O-O Nf8 11. Bxf6 Bxf6 12. b4 a6 13. a4 Bg4 14. Nd2
Rc8 15. Rfc1 Be7 16. Rab1 Bd6 17. Nf1 Qh4 18. Bf5 Rc7 19. Qd3 Bxf5 20. Qxf5
Re6 21. g3 Qd8 22. b5 Rf6 23. Qd3 axb5 24. axb5 h5 25. bxc6 bxc6 26. h3 Qd7
27. Kg2 Ra7 28. e4 dxe4 29. Nxe4 Rg6 30. d5 cxd5 31. Nxd6 Rxd6 32. Rb8 Rc6
33. Re1 Rc8 34. Rxc8 Qxc8 35. Re5 g6 36. Ne3 Ra1 37. Rxd5 Qc1 38. Qd1 Qxd1
39. Nxd1 Kg7 40. Nc3 Ra7 41. f4 Nd7 42. Kf3 Nf6 43. Rd3 Rd7 44. Re3 Rd4 45.
Re5 Rd3+ 46. Kf2 Rd4 47. Kf3 Rd3+ 48. Kf2 Rd4 49. Ra5 Rd3 50. Re5 Rd4 51.
Re3 Nd5 52. Nxd5 Rxd5 1/2-1/2

[Event "American Continental"]
[Site "Buenos Aires ARG"]
[Date "2005.08.09"]
[Round "4"]
[White "Uribe,M"]
[Black "Needleman,G"]
[Result "0-1"]
[WhiteElo "2373"]
[BlackElo "2242"]
[EventDate "2005.08.06"]

1. e4 c5 2. Nf3 e6 3. Nc3 a6 4. d4 cxd4 5. Nxd4 Qc7 6. Be3 Nc6 7. Qd2 Nf6
8. f3 Nxd4 9. Bxd4 e5 10. Be3 Bb4 11. O-O-O d6 12. a3 Bxc3 13. Qxc3 Qxc3
14. bxc3 Ke7 15. Bc4 b5 16. Bb3 Be6 17. Rd3 Rhc8 18. Kb2 Bc4 19. Bxc4 bxc4
20. Rdd1 Ke6 21. g4 Rc6 22. a4 h5 23. h3 Rh8 24. Ka3 g6 25. Rb1 hxg4 26.
hxg4 Rxh1 27. Rxh1 d5 28. g5 Ne8 29. exd5+ Kxd5 30. Kb4 f5 31. Ka5 Nd6 32.
Rd1+ Ke6 33. Bb6 Nc8 34. Bf2 e4 35. fxe4 fxe4 36. Rd8 Nd6 37. Rb8 Kd5 38.
Rb6 Nf5 39. Kxa6 e3 40. Bg1 e2 41. Bf2 Nd6 42. Bg3 Ne4 43. Be1 Nc5+ 44. Kb5
Rxb6+ 45. Kxb6 Nxa4+ 46. Kc7 Nc5 47. Kd8 Ne6+ 48. Ke7 Nxg5 49. Kf6 Nf3 0-1

[Event "American Continental"]
[Site "Buenos Aires ARG"]
[Date "2005.08.09"]
[Round "4"]
[White "Blanco Fernandez,A"]
[Black "Molina,Jo"]
[Result "1/2-1/2"]
[WhiteElo "2367"]
[BlackElo "2195"]
[EventDate "2005.08.06"]

1. c4 Nf6 2. d4 c5 3. d5 b5 4. cxb5 a6 5. bxa6 Bxa6 6. Nc3 d6 7. Nf3 g6 8.
g3 Bg7 9. Bg2 O-O 10. O-O Nbd7 11. Rb1 Qa5 12. Qc2 Nb6 13. Rd1 Nfd7 14. Nd2
Bb7 15. Nb3 Qa7 16. a3 Rab8 17. Bg5 Nf6 18. a4 Ba6 19. Ra1 Bc4 20. Ra3 h6
21. Bc1 Ng4 22. e3 Ne5 23. f4 Nd3 24. a5 Bxb3 25. Qxd3 c4 26. Qd2 Nd7 27.
Rf1 Nc5 28. Rf3 Nd3 29. Rf1 Nc5 30. Kh1 Qd7 31. e4 Ra8 32. e5 Ra6 33. e6
Qe8 34. Na2 Bxa2 35. Rxa2 f5 36. Qb4 Qa8 37. Be3 Nd3 38. Qxc4 Nxb2 39. Qc7
Bf6 40. Bb6 Rc8 41. Qd7 Nc4 42. h4 h5 43. Rb1 Rb8 44. Rc2 Ne3 45. Rc6 Nxg2
46. Kxg2 1/2-1/2

[Event "American Continental"]
[Site "Buenos Aires ARG"]
[Date "2005.08.09"]
[Round "4"]
[White "Ruiz,Pa"]
[Black "Scarella,E"]
[Result "1/2-1/2"]
[WhiteElo "2189"]
[BlackElo "2367"]
[EventDate "2005.08.06"]

1. e4 c5 2. Nf3 Nc6 3. d4 cxd4 4. Nxd4 Nf6 5. Nc3 d6 6. Be2 g6 7. O-O Bg7
8. Be3 O-O 9. h3 d5 10. exd5 Nb4 11. Qd2 Nbxd5 12. Nxd5 Nxd5 13. Bh6 e5 14.
Bxg7 Kxg7 15. Nf3 Nf4 16. Bc4 Qf6 17. Qe3 Re8 18. Rfe1 Bd7 19. Nxe5 Bc6 20.
Bf1 Re6 21. g3 Nd5 22. Qd4 Rae8 23. f4 Nc7 24. Qf2 Rd8 25. Rad1 Red6 26.
Rd3 Bb5 27. c4 Rxd3 28. Bxd3 Bc6 29. Rd1 b6 30. Be2 Bb7 31. Qe3 Rxd1+ 32.
Bxd1 Qf5 33. Ng4 Qd7 34. Qc3+ Kf8 35. Qb4+ Kg7 36. Qc3+ Kf8 37. Qh8+ Ke7
38. Qf6+ Kf8 39. Be2 Ne8 40. Qh8+ Ke7 41. Qe5+ Kf8 42. Kf1 h5 43. Nf2 Qc6
44. Qe3 Nd6 45. Ke1 Nxc4 46. Qc3 Nd6 47. Qxc6 Bxc6 48. Kd2 Ke7 49. g4 h4
50. Ke3 Bg2 51. b3 Ke6 52. Bf3 Bf1 53. Be2 Bxe2 54. Kxe2 Kd5 55. Kd3
1/2-1/2

[Event "American Continental"]
[Site "Buenos Aires ARG"]
[Date "2005.08.09"]
[Round "4"]
[White "Echavarria,J"]
[Black "Guerrero,Alv"]
[Result "1/2-1/2"]
[WhiteElo "2362"]
[BlackElo "2092"]
[EventDate "2005.08.06"]

1. d4 f5 2. Bg5 g6 3. Nc3 d5 4. Nf3 Bg7 5. e3 c6 6. Bd3 Nf6 7. O-O Nbd7 8.
Ne2 Ne4 9. c4 Nb6 10. cxd5 Nxg5 11. Nxg5 Nxd5 12. Nf3 O-O 13. Bc4 Kh8 14.
Bxd5 Qxd5 15. Nf4 Qd6 16. Qb3 Bf6 17. Rfc1 Rb8 18. Qc3 Bd7 19. b4 Be6 20.
Qc5 Qxc5 21. Rxc5 Bg8 22. a3 Rfd8 23. Rac1 a6 24. h3 Rd6 25. R1c3 Kg7 26.
a4 Bf7 27. Ne5 Be8 28. Nc4 Bf7 29. Ne5 Rbd8 30. b5 cxb5 31. axb5 b6 32. Rc7
axb5 33. Nxf7 Kxf7 34. Rb3 g5 35. Nd3 Rd5 36. Rb7 f4 37. Rxb6 fxe3 38. fxe3
e5 39. Rb1 exd4 40. e4 Re5 41. Nxe5+ Bxe5 42. Rf1+ Ke7 43. Rxb5 Ke6 44. Rf5
Bf4 45. Rb6+ Ke7 46. Rd5 Be3+ 47. Kf1 Rf8+ 48. Ke2 Rf2+ 49. Kd3 Rd2+ 50.
Kc4 Rc2+ 51. Kb5 Rb2+ 52. Kc6 Rc2+ 53. Kb7 Rxg2 54. e5 d3 55. Rc6 Rb2+ 56.
Ka6 Rc2 57. Kb5 Rb2+ 58. Ka4 d2 59. e6 Rb7 60. Rcd6 Rb1 61. Rd3 Bf4 62.
Rd7+ Kxe6 63. Ka3 1/2-1/2

[Event "American Continental"]
[Site "Buenos Aires ARG"]
[Date "2005.08.09"]
[Round "4"]
[White "Goldwaser,C"]
[Black "Zapata,Marc"]
[Result "1/2-1/2"]
[WhiteElo "2180"]
[BlackElo "2353"]
[EventDate "2005.08.06"]

1. Nf3 Nf6 2. d4 g6 3. c4 Bg7 4. g3 O-O 5. Bg2 d6 6. O-O Nc6 7. Nc3 e5 8.
d5 Ne7 9. e4 Nd7 10. Ne1 f5 11. Nd3 Nf6 12. Bg5 Nxe4 13. Nxe4 fxe4 14. Bxe4
Bf5 15. Qe2 Qd7 16. Bxe7 Qxe7 17. Rfe1 Bh6 18. b4 Qf6 19. c5 Bxe4 20. Qxe4
Qf5 21. Qc4 Rae8 22. Re4 b5 23. cxb6 cxb6 24. Rae1 Rc8 25. Qb3 Bd2 26. R1e2
Rc3 27. Qb1 Rfc8 28. Kg2 Rf8 29. Kg1 Qf3 30. Ne1 Bxe1 31. Qxe1 Rfc8 32.
R2e3 Rxe3 33. Rxe3 Qxd5 34. Rc3 Rc4 35. Rxc4 Qxc4 36. Qd2 Qe6 37. Qg5 Kf7
38. Qh6 Kg8 39. Qg5 Qe8 40. Qf6 d5 41. Qd6 1/2-1/2

[Event "American Continental"]
[Site "Buenos Aires ARG"]
[Date "2005.08.09"]
[Round "4"]
[White "Contreras,H"]
[Black "Mayorga,N"]
[Result "0-1"]
[WhiteElo "2328"]
[BlackElo "2188"]
[EventDate "2005.08.06"]

1. e4 c5 2. Nf3 d6 3. d4 cxd4 4. Nxd4 Nf6 5. Nc3 e6 6. Bg5 Be7 7. Qd2 h6 8.
Bxf6 Bxf6 9. Ndb5 O-O 10. O-O-O Qa5 11. Qxd6 a6 12. Nd4 Rd8 13. Nb3 Qg5+
14. f4 Rxd6 15. fxg5 Bxg5+ 16. Kb1 Rxd1+ 17. Nxd1 Nc6 18. a4 Ne5 19. Be2
Bd7 20. Nc3 Be7 21. Nc1 Rc8 22. Rd1 Be8 23. N1a2 g6 24. g3 Kg7 25. Nc1 Bf6
26. N1a2 h5 27. Rd6 Nc4 28. Rd3 Be7 29. Nc1 h4 30. Ka2 Ne5 31. Rd1 hxg3 32.
hxg3 Bc6 33. Kb3 Bf6 34. Nd3 Rh8 35. Nb4 Rh3 36. Rg1 Be8 37. a5 Bd8 38. Nd3
Nxd3 39. cxd3 Bxa5 40. d4 Bb6 41. Kc4 e5 42. Rg2 Bxd4 43. Kb4 Bc6 44. Nd5
Rh1 45. Bd3 Ra1 46. Ne7 Bd7 47. Bc4 a5+ 0-1

[Event "American Continental"]
[Site "Buenos Aires ARG"]
[Date "2005.08.09"]
[Round "4"]
[White "Duje,R"]
[Black "Bielicki,C"]
[Result "0-1"]
[WhiteElo "2146"]
[BlackElo "2307"]
[EventDate "2005.08.06"]

1. e4 c5 2. Nf3 Nc6 3. d4 cxd4 4. Nxd4 Nf6 5. Nc3 d6 6. Bg5 e6 7. g3 a6 8.
Bg2 Bd7 9. O-O Be7 10. Nb3 Qc7 11. a4 O-O 12. Qe2 h6 13. Be3 Ne5 14. Rad1
Rac8 15. f4 Nc4 16. Bc1 b5 17. axb5 axb5 18. e5 dxe5 19. fxe5 Qxe5 20. Qxe5
Nxe5 21. Nd4 b4 22. Ne4 Nxe4 23. Bxe4 Rfd8 24. Kh1 Be8 25. Bf4 Ng4 26. h3
Nf6 27. Bb7 Rc4 28. Be5 Nh7 29. Rd3 Rxc2 30. Nxc2 Rxd3 31. Rf2 Bc5 32. Re2
Bb5 33. Re1 Rd7 34. Be4 Nf6 35. Bf3 Bd3 36. Bxf6 gxf6 37. Ne3 Bb5 38. Nf1
Bd4 39. b3 Be5 40. Kh2 Rc7 41. Ne3 Rc3 42. Bd1 Kg7 43. h4 Bd4 44. Nf1 Bf2
0-1

[Event "American Continental"]
[Site "Buenos Aires ARG"]
[Date "2005.08.09"]
[Round "4"]
[White "De Dovitiis,A"]
[Black "Cuevas,A"]
[Result "1-0"]
[WhiteElo "2345"]
[BlackElo "2017"]
[EventDate "2005.08.06"]

1. e4 c5 2. Nf3 d6 3. d4 cxd4 4. Nxd4 Nf6 5. Nc3 e6 6. f4 a6 7. Bd3 Qc7 8.
O-O b5 9. a3 Bb7 10. Kh1 Nbd7 11. Qe1 Nc5 12. Bd2 d5 13. e5 Nfe4 14. Bxe4
Nxe4 15. Nxe4 dxe4 16. Bb4 Bxb4 17. axb4 g5 18. Qe3 Rg8 19. c3 O-O-O 20.
Rf2 Rg7 21. Qg3 h5 22. h4 g4 23. Re1 Bd5 24. Re3 f5 25. b3 Qb6 26. Rc2 Rc7
27. Ree2 Kb8 28. Qe3 Rdc8 29. Kh2 Kb7 30. Re1 Rd8 31. g3 Rdc8 32. Kg2 Rd8
33. Kf2 Rdc8 34. Rec1 Ka8 35. c4 bxc4 36. bxc4 Bxc4 37. Nxe6 Qxe3+ 38. Kxe3
Rc6 39. Nd4 R6c7 40. Nxf5 1-0

[Event "American Continental"]
[Site "Buenos Aires ARG"]
[Date "2005.08.09"]
[Round "4"]
[White "Ricardi,P"]
[Black "Tristan,L"]
[Result "1-0"]
[WhiteElo "2551"]
[BlackElo "2225"]
[EventDate "2005.08.06"]

1. e4 g6 2. d4 Bg7 3. Nf3 d6 4. Nc3 Nf6 5. Bg5 O-O 6. Qd2 c6 7. Bd3 Nbd7 8.
O-O-O b5 9. e5 b4 10. Ne2 dxe5 11. dxe5 Nd5 12. Ned4 Bb7 13. e6 Ne5 14.
Nxe5 Bxe5 15. exf7+ Rxf7 16. Bc4 Rc8 17. Rhe1 Qc7 18. f4 Bxf4 19. Bxf4 Qxf4
20. Qxf4 Rxf4 21. Rxe7 Ba8 22. Rxa7 Kh8 23. g3 Rf2 24. Rd2 Rxd2 25. Kxd2 c5
26. Ne6 Nb6 27. Ba6 Rc6 28. Ng5 Rd6+ 29. Kc1 Rd7 30. Rxd7 Nxd7 31. Ne6 Bc6
32. Bc4 Ne5 33. Be2 c4 34. Nd4 Bd5 35. c3 bxc3 36. bxc3 Kg7 37. Kd2 Kf6 38.
Ke3 Nd7 39. a4 Ke5 40. Bf3 Bxf3 41. Nxf3+ Kd6 42. Kf4 h6 43. a5 Nc5 44. Nd4
Na6 45. h4 Nc5 46. g4 Nd3+ 47. Ke3 Nc5 48. h5 gxh5 49. gxh5 Ke5 50. Nc6+
Kd6 51. Nb4 Ne6 52. a6 Kc7 53. Nd5+ Kb8 54. Nf4 Ng7 55. Kd4 Ka7 56. Ke5
Kxa6 57. Kf6 Ne8+ 58. Kg6 Nd6 59. Kxh6 Nf5+ 60. Kg5 Nd6 61. Kg6 1-0

[Event "American Continental"]
[Site "Buenos Aires ARG"]
[Date "2005.08.09"]
[Round "4"]
[White "Utman,C"]
[Black "Mesias,R"]
[Result "0-1"]
[WhiteElo "2341"]
[BlackElo "2220"]
[EventDate "2005.08.06"]

1. e4 c5 2. Nf3 Nc6 3. d4 cxd4 4. Nxd4 Nf6 5. Nc3 e5 6. Ndb5 d6 7. Bg5 a6
8. Na3 b5 9. Nd5 Be7 10. Bxf6 Bxf6 11. c3 O-O 12. Nc2 Bg5 13. a4 bxa4 14.
Rxa4 a5 15. Bc4 Be6 16. h4 Bh6 17. g4 Bf4 18. Qf3 Rb8 19. b3 Ne7 20. Qd1
Nxd5 21. exd5 Bd7 22. Ra3 f5 23. g5 Qc7 24. Qf3 Bc1 25. Ra2 a4 26. Nb4 axb3
27. Bxb3 e4 28. Na6 exf3 29. Nxc7 Rxb3 30. O-O Rxc3 31. Ra7 Bf4 32. Rb1 Rc8
0-1

[Event "American Continental"]
[Site "Buenos Aires ARG"]
[Date "2005.08.09"]
[Round "4"]
[White "Fierro Baquero,M"]
[Black "Burijovich,L"]
[Result "1/2-1/2"]
[WhiteElo "2340"]
[BlackElo "2211"]
[EventDate "2005.08.06"]

1. d4 Nf6 2. Nf3 g6 3. Bf4 Bg7 4. Nc3 d5 5. e3 O-O 6. Be2 c5 7. O-O cxd4 8.
exd4 Nc6 9. Ne5 Qb6 10. Nxc6 Qxc6 11. Bb5 Qb6 12. a4 a5 13. Be5 Be6 14. Re1
Rfd8 15. Ra3 Nd7 16. Bxg7 Kxg7 17. Rb3 Qc7 18. Ne2 Rac8 19. Rc3 Qd6 20.
Rxc8 Rxc8 21. Qd2 Nf6 22. f3 Bd7 23. Bxd7 Qxd7 24. Nc3 e6 25. Re2 b6 26.
Nb5 Ne8 27. Qf4 f6 28. h4 h6 29. c3 Rc6 30. Qg4 h5 31. Qh3 Kf7 32. g4 Nd6
33. gxh5 gxh5 34. Rg2 Nf5 35. Qh2 Rc8 36. Kf2 Re8 37. Rg1 e5 38. Qh3 Ke6
39. Re1 Rg8 40. dxe5 fxe5 41. Nd4+ Kf6 42. Nxf5 Qxf5 43. Qxf5+ Kxf5 44. Rd1
Ke6 1/2-1/2

[Event "American Continental"]
[Site "Buenos Aires ARG"]
[Date "2005.08.09"]
[Round "4"]
[White "Avalos,J"]
[Black "Di Benedetto,G"]
[Result "1/2-1/2"]
[WhiteElo "2323"]
[BlackElo "2205"]
[EventDate "2005.08.06"]

1. d4 f5 2. g3 Nf6 3. Bg2 g6 4. Nf3 Bg7 5. O-O O-O 6. c4 d6 7. Nc3 Qe8 8.
d5 Na6 9. Rb1 c5 10. dxc6 bxc6 11. Nd4 Bd7 12. b4 Rc8 13. Nf3 Nc7 14. h3 h6
15. Be3 a6 16. c5 Ncd5 17. Nxd5 Nxd5 18. cxd6 Nxe3 19. fxe3 exd6 20. Qxd6
Qxe3+ 21. Kh2 Be6 22. Rbc1 Rfd8 23. Qc5 Qxc5 24. Rxc5 Bxa2 25. Nh4 Bf7 26.
Rfc1 Rd6 27. Ra5 Re8 28. Rc2 Bb3 29. Rxc6 Rxc6 30. Bxc6 Rxe2+ 31. Kh1 Re6
32. Bd7 Rd6 33. Be8 Bf7 34. Bxf7+ Kxf7 35. b5 axb5 36. Rxb5 Bc3 37. Nxf5
gxf5 38. Rxf5+ Kg6 39. g4 Be1 40. Kg2 Bh4 41. Rb5 Rd2+ 42. Kh1 Bf6 43. Kg1
Bd4+ 44. Kh1 Be3 45. Rf5 Bf2 46. Rb5 Bg3 47. Kg1 Bh2+ 48. Kh1 Bf4 49. Rf5
Bd6 50. Rh5 Rd3 51. Kg2 Bf4 52. Rf5 Bc7 53. Rh5 Bd6 54. Kg1 Rg3+ 55. Kf2
Rc3 56. Kg2 Rc2+ 57. Kg1 Bc5+ 58. Kh1 Bd4 59. Rd5 Be3 60. Rb5 Bc5 61. h4
Kf7 62. Rb7+ Ke6 63. Rg7 Be3 64. g5 hxg5 65. hxg5 Kf5 66. Re7 Bxg5 67. Re8
Kg4 68. Kg1 Kf3 69. Kf1 Be3 70. Rf8+ Bf4 71. Re8 Rc7 72. Re6 Bg5 73. Re8
Rc1+ 74. Re1 Rc8 75. Re5 Rg8 76. Rf5+ Bf4 77. Rf7 Rh8 78. Rg7 Rh1+ 79. Rg1
Rh2 80. Rg8 Rf2+ 81. Ke1 Rc2 82. Rd8 Rc1+ 83. Rd1 Rc8 84. Rd7 Rc1+ 85. Rd1
Rc6 86. Rd8 Rc7 87. Rd5 Be3 88. Rf5+ Ke4 89. Rf8 Kd3 90. Kf1 Rg7 91. Ke1
Rg1+ 92. Rf1 Rg6 93. Rf7 Rg8 94. Rf6 Bd4 95. Rf3+ Be3 96. Rf7 Rg2 97. Rf8
Bc5 98. Rd8+ Bd4 99. Rf8 Bc3+ 100. Kf1 Rg3 101. Kf2 1/2-1/2

[Event "American Continental"]
[Site "Buenos Aires ARG"]
[Date "2005.08.09"]
[Round "4"]
[White "D'Arruda,R"]
[Black "Bibiloni,J"]
[Result "1-0"]
[WhiteElo "2320"]
[BlackElo "2178"]
[EventDate "2005.08.06"]

1. d4 Nf6 2. Nf3 c5 3. d5 g6 4. c4 Bg7 5. Nc3 d6 6. g3 e6 7. Bg2 exd5 8.
cxd5 O-O 9. O-O Na6 10. Nd2 Rb8 11. a4 Nc7 12. Nc4 b6 13. Bf4 Ba6 14. Nxd6
Nh5 15. Ndb5 Nxf4 16. gxf4 Bxb5 17. axb5 Bxc3 18. bxc3 Nxb5 19. Qa4 Qe8 20.
e3 a6 21. e4 Nxc3 22. Qc4 Nb5 23. e5 Nd4 24. Kh1 Kg7 25. Ra3 Qb5 26. Qc3
Rfe8 27. Qh3 Qb4 28. Rg3 b5 29. Qh4 Rb6 30. d6 Nf5 31. Qf6+ Kg8 32. Qxf5
Qd4 33. Qf6 c4 34. Bf3 Rbb8 35. Rd1 Qxf2 36. d7 Rf8 37. Bd5 c3 38. e6 Qe2
39. exf7+ Rxf7 40. Qxf7+ Kh8 41. Qf6+ 1-0

[Event "American Continental"]
[Site "Buenos Aires ARG"]
[Date "2005.08.09"]
[Round "4"]
[White "Critelli,J"]
[Black "Lucena,L"]
[Result "0-1"]
[WhiteElo "2318"]
[BlackElo "2184"]
[EventDate "2005.08.06"]

1. e4 a6 2. d4 b5 3. Nf3 Bb7 4. Bd3 e6 5. a4 c6 6. O-O d6 7. b3 Nf6 8. c4
b4 9. Qe2 Qc7 10. Bf4 Nbd7 11. e5 Nh5 12. Bc1 dxe5 13. Nxe5 Nxe5 14. dxe5
g6 15. Qe3 O-O-O 16. Bc2 Ng7 17. Bb2 Nf5 18. Bxf5 gxf5 19. Nd2 c5 20. Rfd1
Rg8 21. f3 Qc6 22. Rf1 Be7 23. Rad1 h5 24. Rf2 Bh4 25. Rff1 Bg5 26. Qe2 Bf4
27. Rf2 Qc7 28. Qe1 Rd3 29. Re2 Qd7 30. Qf2 Qc6 31. Qh4 Bxd2 32. Qxh5 Be3+
0-1

[Event "American Continental"]
[Site "Buenos Aires ARG"]
[Date "2005.08.09"]
[Round "4"]
[White "Tovillas,D"]
[Black "Ronco,R"]
[Result "1/2-1/2"]
[WhiteElo "2310"]
[BlackElo "2144"]
[EventDate "2005.08.06"]

1. e4 e6 2. Nf3 d5 3. Nc3 Nf6 4. e5 Nfd7 5. d4 c5 6. dxc5 Nc6 7. Bf4 Bxc5
8. Bd3 f6 9. exf6 Nxf6 10. Ne5 Bd7 11. O-O O-O 12. Bg3 Qe7 13. Kh1 Rae8 14.
f4 a6 15. a3 g6 16. Bh4 Qg7 17. Bg5 Nxe5 18. fxe5 Nh5 19. Qe2 Rxf1+ 20.
Rxf1 Rf8 21. Rxf8+ Qxf8 22. g3 Qf2 23. Qxf2 Bxf2 24. Ne2 Bb6 25. g4 Ng7 26.
Kg2 Kf7 27. Kf3 Ne8 28. c3 Nc7 29. h4 Bb5 30. Bc2 Bxe2+ 31. Kxe2 Nb5 32. h5
Na7 33. Be3 Bxe3 34. Kxe3 Nc6 35. Kf4 gxh5 36. gxh5 h6 37. Bb3 Na5 38. Ba2
Ke7 39. b4 Nc6 40. c4 dxc4 1/2-1/2

[Event "American Continental"]
[Site "Buenos Aires ARG"]
[Date "2005.08.09"]
[Round "4"]
[White "Herrera,Mart"]
[Black "Hungaski,R"]
[Result "0-1"]
[WhiteElo "2192"]
[BlackElo "2308"]
[EventDate "2005.08.06"]

1. e4 e5 2. Nf3 Nc6 3. Bb5 a6 4. Ba4 Nf6 5. O-O Be7 6. Re1 b5 7. Bb3 d6 8.
c3 O-O 9. h3 Na5 10. Bc2 c5 11. d4 Nd7 12. Nbd2 exd4 13. cxd4 Nc6 14. d5
Nce5 15. Nxe5 Nxe5 16. f4 Ng6 17. Nf3 Bh4 18. Nxh4 Qxh4 19. Rf1 f5 20. a4
fxe4 21. Bxe4 Bd7 22. Qc2 bxa4 23. Bd2 Rae8 24. Be1 Qh5 25. Bd2 Ne7 26. Bf3
Qf7 27. Rfe1 Nf5 28. Be4 Nd4 29. Bxh7+ Kh8 30. Qg6 Qxd5 31. Bc3 Bc6 32.
Rad1 Rxe1+ 33. Rxe1 Rf6 34. Qe4 Qh5 35. Qd3 Qxh7 0-1

[Event "American Continental"]
[Site "Buenos Aires ARG"]
[Date "2005.08.09"]
[Round "4"]
[White "Arambel,S"]
[Black "Idiarte Borda,J"]
[Result "1-0"]
[WhiteElo "2295"]
[BlackElo "2157"]
[EventDate "2005.08.06"]

1. Nf3 d5 2. d4 e6 3. c4 f5 4. g3 Nf6 5. Bg2 c6 6. O-O Bd6 7. b3 O-O 8. Ba3
b6 9. Qc2 Bxa3 10. Nxa3 Qe7 11. Qb2 Bb7 12. e3 Nbd7 13. Rfd1 Rac8 14. Rac1
Ne4 15. b4 g5 16. c5 b5 17. Nc2 h5 18. Nce1 h4 19. Nd3 hxg3 20. hxg3 Rf7
21. a4 a6 22. axb5 axb5 23. Ra1 Rh7 24. Ra7 Rc7 25. Kf1 Kg7 26. Ke2 Nf8 27.
Rg1 Ng6 28. Nfe5 Nxe5 29. Nxe5 Nf6 30. Qa1 Nd7 31. Nxc6 Qf7 32. Nd8 Qh5+
33. Kd2 Kf6 34. Rxb7 Nb6 35. Rxc7 1-0

[Event "American Continental"]
[Site "Buenos Aires ARG"]
[Date "2005.08.09"]
[Round "4"]
[White "Ianovsky,M"]
[Black "Blit,J"]
[Result "1/2-1/2"]
[WhiteElo "2155"]
[BlackElo "2278"]
[EventDate "2005.08.06"]

1. d4 g6 2. Nf3 Bg7 3. c4 c5 4. g3 cxd4 5. Nxd4 Nc6 6. Nc2 Qb6 7. Nc3 Bxc3+
8. bxc3 Nf6 9. Bg2 d6 10. O-O Be6 11. Bg5 Nd7 12. Nd4 Nc5 13. Rb1 Qc7 14.
Nxc6 bxc6 15. Qd4 f6 16. Bf4 Qd7 17. Rfd1 O-O 18. Bh6 Rfb8 19. Bf3 Bf5 20.
Rxb8+ Rxb8 21. g4 Bc2 22. Rc1 e5 23. Qd2 Be4 24. Be3 Bxf3 25. exf3 Ne6 26.
Rd1 Rd8 27. h3 g5 28. Qd3 Nf8 29. Qf5 Qxf5 30. gxf5 Rd7 31. Rb1 c5 32. Kf1
Kf7 33. Ke2 Rc7 34. a4 Nd7 35. a5 Ke7 36. Kd3 Rc6 1/2-1/2